Mapping the field : (Record no. 154172)
[ view plain ]
| 000 -LEADER | |
|---|---|
| fixed length control field | 00784nam a22002177a 4500 |
| 005 - DATE AND TIME OF LATEST TRANSACTION | |
| control field | 20180717140652.0 |
| 010 ## - LCCN (DPL NO) | |
| LC control number | ENG-123485-86 |
| 020 ## - INTERNATIONAL STANDARD BOOK NUMBER | |
| International Standard Book Number | 9788190676069 (vol.1) |
| Terms of availability | 400.00 |
| 020 ## - INTERNATIONAL STANDARD BOOK NUMBER | |
| International Standard Book Number | 9789381345009 (vol.2) |
| Terms of availability | 475.00 |
| 035 ## - SYSTEM CONTROL NUMBER | |
| System control number | EN-107017-18 |
| 037 ## - SOURCE OF ACQUISITION | |
| Source of stock number/acquisition | DBAD/PUB. |
| 082 ## - DEWEY DECIMAL CLASSIFICATION NUMBER | |
| Classification number | 305.420954 |
| 245 ## - TITLE STATEMENT | |
| Title | Mapping the field : |
| Statement of responsibility, etc | ed. by Nirmala Banerjee; Samita Sen [and] Nandita Dhawan |
| Remainder of title | gener relations in contemporary india / |
| 260 ## - PUBLICATION, DISTRIBUTION, ETC. (IMPRINT) | |
| Place of publication, distribution, etc | Kolkata (Calcutta) |
| Name of publisher, distributor, etc | STREE Publication |
| Date of publication, distribution, etc | 2011 |
| 270 ## - ADDRESS | |
| Address | 16 Southern Avenue, |
| City | Kolkata (Calcutta) |
| Postal code | 700026 |
| 300 ## - PHYSICAL DESCRIPTION | |
| Extent | vol. 2 (xlii,265p.; xliv,266-295) |
| Dimensions | 21cm(pbk) |
| 500 ## - GENERAL NOTE | |
| General note | Reading in gender studies 1 |
| 700 ## - ADDED ENTRY--PERSONAL NAME | |
| Personal name | Sen, Samita |
| 700 ## - ADDED ENTRY--PERSONAL NAME | |
| Personal name | Dhawan, Nandita |
| 942 ## - ADDED ENTRY ELEMENTS (KOHA) | |
| Source of classification or shelving scheme | Dewey Decimal Classification |
| Item type | English Books |
| Call number suffix | MAP |
| Classification part | 305.420954 |
| Withdrawn status | Lost status | Materials specified (bound volume or other part) | Not for loan | Collection code | Home library | Current library | Date acquired | Source of acquisition | Cost, normal purchase price | Full call number | Barcode | Copy number | Cost, replacement price | Koha item type |
|---|---|---|---|---|---|---|---|---|---|---|---|---|---|---|
| vol.1 | Not For Loan | Non-fiction | D.B.Act.Division | Bawana | 17/07/2018 | DBAD/PUB | 400.00 | 305.420954 MAP | EN-107017 | 1 | 400.00 | English Books | ||
| vol.2 | Not For Loan | Non-fiction | D.B.Act.Division | Bawana | 17/07/2018 | DBAD/PUB | 475.00 | 305.420954 MAP | EN-107018 | 1 | 475.00 | English Books |
